| 000 | 01099nam a22003017a 4500 | ||
|---|---|---|---|
| 001 | 4731 | ||
| 003 | FISKH | ||
| 005 | 20240926143050.0 | ||
| 008 | 240926b cb ||||| |||| 00| 0 eng d | ||
| 020 | _a9780545236898 | ||
| 040 |
_aFISKH _beng _cFISKH _dFISKH |
||
| 050 | _aPZ7.B26615 | ||
| 082 | _a417 | ||
| 100 |
_aBarnett, Mac _eauthor |
||
| 245 |
_aThe case of the Case of Mistaken Identity / _cby Mac Barnett with illustration by Adam Rex |
||
| 250 | _aFirst Scholastic printing , January 2010 | ||
| 260 |
_aNew York : _bScholastic ; _c2009. |
||
| 300 |
_a179 pages : _billustrations ; _c20 cm . |
||
| 490 |
_aBrixton Brothers _vbook 1 |
||
| 505 | _aN | ||
| 520 | _aWhen twelve-year-old Steve Brixton, a fan of Bailey Brothers detective novels, is mistaken for a real detective, he must elude librarians, police, and the mysterious Mr. E as he seeks a missing quilt containing coded information. | ||
| 521 | 8 |
_a590
_bLexile |
|
| 521 | 8 |
_aN
_bRaz-Plus |
|
| 650 |
_aadventure _vfiction |
||
| 700 |
_aRex, Adam _eillustrator |
||
| 942 |
_2ddc _cBK _n0 |
||
| 999 |
_c4731 _d4731 |
||